Harmonizácia medzinárodných účtovných štandardov v Číne

Historické pozadie čínskeho účtovníctva. Špecifiká čínskeho účtovného štandardu. Reformy čínskeho účtovníctva.

Salvato in:
Dettagli Bibliografici
Autore principale: Cibuľa, Adam, 1992-
Natura: Capitolo di libro
Lingua:slovacco
Soggetti:
Tags: Aggiungi Tag
Nessun Tag, puoi essere il primo ad aggiungerne!!

MARC

LEADER 00000naa$a2200000$$$4500
001 0257462
005 20240502074102.2
041 0 |a slo 
044 |a SK 
245 1 0 |a Harmonizácia medzinárodných účtovných štandardov v Číne  |c Adam Cibuľa 
520 |a Historické pozadie čínskeho účtovníctva. Špecifiká čínskeho účtovného štandardu. Reformy čínskeho účtovníctva. 
610 2 0 |a účtovníctvo 
610 2 0 |a reformy 
610 2 0 |a harmonizácia 
610 2 0 |a štandardy účtovné medzinárodné 
100 1 |a Cibuľa, Adam, 1992-